000 00427nam a2200181Ia 4500
001 8264
005 20260306160556.0
008 260306t2010||||xx |||||||||||||| ||spa||
041 _aESP
082 _a370.1523
_bB69
100 _aBoggino, Norberto
_eAUT
245 0 _aLos problemas de aprendizaje no existen
260 _c2010
300 _a129páginas :
_c
650 _aGEN
654 _aCED
942 _cLIB
_dJUS
_fJUS
_2ddc
_n
999 _c8264
_d8264